| 000 | 00907nam a2200217 a 4500 | ||
|---|---|---|---|
| 008 | 060316s2000 ||||||||||||||||| || u | ||
| 020 | _a0340719656 | ||
| 020 | _a0340719664 | ||
| 050 | _aTK 6550 Bar | ||
| 100 | _aBarnard, Stephen | ||
| 245 | 1 | 0 | _aStudying radio |
| 260 |
_aLondon : _bHodder Headline Group _c2000 |
||
| 300 | _a282 p. : ill. | ||
| 350 | _a0.00 | ||
| 490 | _aStudying the media series | ||
| 500 | _aIncludes bibliographical references | ||
| 650 | _aRADIO BROADCASTING - GREAT BRITAIN | ||
| 856 | _uhttp://www.loc.gov/catdir/enhancements/fy0611/00710657-d.html | ||
| 995 |
_aMAIN LIBRARY OPEN ACCESS _D0.00 _e735017 _FCBU-MAIN LIBRARY (Kitwe) _H2 _I27.00 _jTK 6550 Bar _M2 _UAVAILABLE _y38274 _ZMain Library Open Access Collection |
||
| 995 |
_aMAIN LIBRARY OPEN ACCESS _D0.00 _e735016 _FCBU-MAIN LIBRARY (Kitwe) _H1 _I27.00 _jTK 6550 Bar _M1 _UAVAILABLE _y38273 _ZMain Library Open Access Collection |
||
| 999 |
_c80786 _d80786 |
||